[Event "10th EUR-ch (w)"]
[Site "Sankt Petersburg RUS"]
[Date "2009.03.08"]
[Round "1"]
[White "Zykova, Antonina"]
[Black "Aginian, Nelly"]
[Result "0-1"]
[WhiteElo "2103"]
[BlackElo "2335"]
[EventDate "2009.03.08"]
[PlyCount "112"]

1.e4 e6 2.d3 d5 3.Nd2 Nf6 4.Ngf3 Nc6 5.c3 a5 6.Be2 e5 7.Qc2 Be7 8.O-O O-O 
9.Re1 Re8 10.Bf1 Bf8 11.a4 h6 12.h3 Be6 13.exd5 Qxd5 14.Nc4 Nd7 15.Bd2 f6 
16.Rad1 Nc5 17.Bc1 Bf7 18.d4 exd4 19.Rxe8 Rxe8 20.Nxd4 Nxd4 21.Rxd4 Qh5 
22.Be3 b6 23.Be2 Qg6 24.Qd1 Re4 25.Nd2 Rxd4 26.Bxd4 Bd5 27.Bf3 Be6 28.Kh1 
Bd6 29.Qe2 Qf7 30.Bc6 Bd7 31.Bb5 Bxb5 32.axb5 Qd7 33.Qc4+ Kh8 34.Nf3 Qe8 
35.Be3 Qg6 36.Nd2 Qc2 37.Qe2 Qxb2 38.Bxc5 Qc1+ 39.Nf1 Bxc5 40.Qe8+ Kh7 41.
Qe4+ g6 42.Qd3 Qe1 43.Qd7+ Qe7 44.Qd2 Qe8 45.c4 a4 46.Ng3 a3 47.h4 h5 48.
f3 Qe3 49.Qd7+ Qe7 50.Qd2 Bb4 51.Qd4 Qd6 52.Qf2 a2 53.Qxa2 Qxg3 54.c5 
Qxh4+ 55.Kg1 Bxc5+ 56.Kf1 Qh1+ 0-1

[Event "10th EUR-ch (w)"]
[Site "Sankt Petersburg RUS"]
[Date "2009.03.08"]
[Round "1"]
[White "Grabuzova, Tatiana"]
[Black "Bezgodova, Maria"]
[Result "1-0"]
[WhiteElo "2332"]
[BlackElo "2101"]
[EventDate "2009.03.08"]
[PlyCount "145"]

1.d4 d5 2.c4 dxc4 3.Nf3 a6 4.a4 Nc6 5.e3 e5 6.Bxc4 exd4 7.exd4 Bb4+ 8.Nc3 
Nf6 9.O-O O-O 10.Qb3 Bxc3 11.bxc3 Na5 12.Qb4 Nxc4 13.Qxc4 Be6 14.Qd3 Qd5 
15.Re1 Bf5 16.Qf1 Rfe8 17.Rxe8+ Rxe8 18.c4 Qe4 19.Be3 Ng4 20.Bd2 Qc2 21.h3
Nf6 22.a5 Ne4 23.Bf4 Nc3 24.Re1 Rc8 25.Re3 Nd1 26.Re2 Qa4 27.Qe1 h6 28.Re7
Nb2 29.Qe5 Bg6 30.Rxc7 Re8 31.Re7 Rxe7 32.Qxe7 Nxc4 33.Qxb7 Nxa5 34.Qxa6 
Qd1+ 35.Kh2 Nb3 36.Qc4 Kh7 37.Be3 Bh5 38.Ne5 f6 39.Nd7 Be8 40.Nf8+ Kh8 41.
Qe6 Nd2 42.Bxd2 Qxd2 43.Qe3 Qxe3 44.fxe3 Bc6 45.Ng6+ Kh7 46.Ne7 Bd7 47.e4 
g6 48.Kg3 Kg7 49.Kf4 Kf7 50.Nd5 Ke6 51.Ke3 g5 52.g3 Bc8 53.Nb6 Ba6 54.d5+ 
Kd6 55.Kd4 Kc7 56.Nc4 h5 57.h4 gxh4 58.gxh4 Bc8 59.Ne3 Bh3 60.Nf5 Kd7 61.
Ke3 Kc7 62.Ng7 Kd6 63.Nxh5 f5 64.exf5 Bxf5 65.Kf4 Bg6 66.Ng3 Bh7 67.Ne4+ 
Ke7 68.Ke5 Bg6 69.d6+ Kf7 70.Ng5+ Ke8 71.Ke6 Bh5 72.d7+ Kd8 73.Kd6 1-0

[Event "10th EUR-ch (w)"]
[Site "Sankt Petersburg RUS"]
[Date "2009.03.08"]
[Round "1"]
[White "Sorokina, Anastasia"]
[Black "Severiukhina, Zoya"]
[Result "1-0"]
[WhiteElo "2087"]
[BlackElo "2327"]
[EventDate "2009.03.08"]
[PlyCount "155"]

1.d4 Nf6 2.c4 g6 3.Nc3 Bg7 4.g3 O-O 5.Bg2 d6 6.e3 e5 7.Nge2 Nbd7 8.O-O a5 
9.b3 Re8 10.Qc2 c6 11.Ba3 Qe7 12.Rfd1 e4 13.g4 Nf8 14.h3 h5 15.g5 N6h7 16.
Nxe4 Nxg5 17.Bxd6 Qd8 18.Nxg5 Qxg5 19.Bf4 Qe7 20.c5 Bf5 21.Qd2 Qd7 22.Kh2 
Bf6 23.Ng3 g5 24.Nxh5 Be7 25.Bg3 Bg6 26.Qe2 Kh7 27.Be5 Kh6 28.Bg7+ Kh7 29.
Bf6 Ne6 30.Bxe7 Qxe7 31.Qf3 f5 32.Kg1 Rf8 33.Re1 Nc7 34.Ng3 Nd5 35.Nf1 Nb4
36.Qe2 Rae8 37.a3 Nd5 38.Qd2 Qf7 39.Nh2 Nf6 40.Qxa5 g4 41.Qb4 Ne4 42.Ra2 
gxh3 43.Bxh3 Bh5 44.f3 Rg8+ 45.Bg2 Ng5 46.Kh1 Qg7 47.Rf2 Re6 48.d5 cxd5 
49.Qf4 Qf7 50.e4 Rf6 51.exd5 Qxd5 52.Rd2 Qxb3 53.Rd7+ Kh6 54.Rd6 Rgg6 55.
Red1 Qxa3 56.Rxf6 Rxf6 57.Qd4 Kg6 58.Qd5 Ne6 59.Qxb7 Qxc5 60.Qb8 Qf8 61.
Qg3+ Kh6 62.Qh4 Rg6 63.Nf1 Qf6 64.Qxf6 Rxf6 65.Ng3 Bg6 66.Rd6 Kg5 67.Ne2 
Bf7 68.Kg1 Rh6 69.Kf2 Rh4 70.Rd7 Kf6 71.Kg3 Rb4 72.Nc3 Rb2 73.Nd5+ Kg7 74.
Bh3 Nd4 75.Ne3 Rb5 76.Bf1 Re5 77.Kf4 Nc6 78.Bc4 1-0

[Event "10th EUR-ch (w)"]
[Site "Sankt Petersburg RUS"]
[Date "2009.03.08"]
[Round "1"]
[White "Molchanova, Tatiana"]
[Black "Gorbatenko, Kateryna"]
[Result "1/2-1/2"]
[WhiteElo "2319"]
[BlackElo "2071"]
[EventDate "2009.03.08"]
[PlyCount "88"]

1.d4 Nf6 2.Nf3 g6 3.c4 Bg7 4.Nc3 d6 5.g3 O-O 6.Bg2 c5 7.O-O Nc6 8.h3 cxd4 
9.Nxd4 Bd7 10.Be3 Nxd4 11.Bxd4 Qc8 12.Bxf6 Bxf6 13.Nd5 Bxh3 14.Nxf6+ exf6 
15.Bxh3 Qxh3 16.Qxd6 Qe6 17.Qxe6 fxe6 18.Rfd1 Rfd8 19.Kg2 Kf7 20.Kf3 Ke7 
21.g4 h5 22.gxh5 gxh5 23.b3 Rac8 24.Rxd8 Rxd8 25.Rh1 Rh8 26.Rh4 f5 27.c5 
Kf6 28.b4 Ke5 29.e3 a5 30.a3 axb4 31.axb4 Rg8 32.Rxh5 Rg4 33.b5 Rb4 34.b6 
Kd5 35.Rh7 Kxc5 36.Rxb7 Rxb6 37.Rxb6 Kxb6 38.Kf4 Kc6 39.Ke5 Kd7 40.Kf6 Kd6
41.f4 Kd7 42.Kf7 Kd6 43.Ke8 Kc6 44.Kf7 Kd7 1/2-1/2

[Event "10th EUR-ch (w)"]
[Site "Sankt Petersburg RUS"]
[Date "2009.03.08"]
[Round "1"]
[White "Abdulla, Khayala"]
[Black "Charochkina, Daria"]
[Result "0-1"]
[WhiteElo "2070"]
[BlackElo "2316"]
[EventDate "2009.03.08"]
[PlyCount "80"]

1.e4 c6 2.d4 d5 3.e5 Bf5 4.Nf3 e6 5.Be2 Nd7 6.O-O Ne7 7.b3 Ng6 8.Ne1 h5 9.
c4 dxc4 10.bxc4 c5 11.d5 Ndxe5 12.f4 Ng4 13.dxe6 fxe6 14.Qa4+ Qd7 15.Qxd7+
Kxd7 16.Nc3 Be7 17.h3 Bf6 18.Bd2 Bd4+ 19.Kh1 Nf2+ 20.Kh2 Ne4 21.Rd1 Nxd2 
22.Rxd2 Ke7 23.Nd1 Rad8 24.Kh1 h4 25.Bg4 Rhf8 26.Bh5 Be4 27.Bxg6 Bxg6 28.
Re2 Bh5 29.Rd2 Bf6 30.Rxd8 Rxd8 31.Ne3 Rd2 32.N1c2 Bg6 33.f5 Bxf5 34.Nxf5+
exf5 35.Ne3 g6 36.Nd5+ Kf7 37.Re1 Rxa2 38.Re3 Bd4 39.Re7+ Kf8 40.Kh2 Bf2 
0-1

[Event "10th EUR-ch (w)"]
[Site "Sankt Petersburg RUS"]
[Date "2009.03.08"]
[Round "1"]
[White "Galoian, Lilit"]
[Black "Malinicheva, Lidia"]
[Result "1-0"]
[WhiteElo "2316"]
[BlackElo "2068"]
[EventDate "2009.03.08"]
[PlyCount "125"]

1.d4 Nf6 2.c4 e6 3.Nf3 b6 4.g3 Bb7 5.Bg2 Be7 6.O-O O-O 7.Nc3 d6 8.Qc2 Nbd7
9.Rd1 Qc8 10.e4 e5 11.Nd5 Bd8 12.Bh3 Bxd5 13.cxd5 Qb7 14.b4 Re8 15.Bb2 h5 
16.dxe5 Nxe5 17.Nxe5 dxe5 18.Rac1 b5 19.a4 a5 20.Bf1 bxa4 21.b5 Qb6 22.Qe2
Qd6 23.Rd3 Qd7 24.Rdc3 Rb8 25.Qc2 Rb7 26.Rc6 Qg4 27.Re1 h4 28.Re3 hxg3 29.
hxg3 Nh7 30.Be2 Qd7 31.Qxa4 Bg5 32.Rb3 Bd2 33.Qa1 Ng5 34.Bxe5 Nxe4 35.Bxg7
Qf5 36.Rf3 Qg5 37.Bd4 Nd6 38.Qd1 Rxb5 39.Bf6 Qh6 40.Rc2 Rxd5 41.Rxc7 Rh5 
42.Bh4 Rhe5 43.Bf1 R5e6 44.Kg2 Bb4 45.Bd3 Qh5 46.Qb3 Re1 47.Rf6 R8e6 48.
Rcxf7 Nxf7 49.Rxe6 Rxe6 50.Qxe6 Qe5 51.Qg4+ Qg7 52.Qc8+ Qf8 53.Qg4+ Qg7 
54.Qc4 Qe5 55.Bg6 Qg7 56.Qc8+ Bf8 57.Qe6 a4 58.Bg5 a3 59.Be3 Be7 60.Bd4 
Qf8 61.Bh5 Qa8+ 62.f3 Qf8 63.Qg6+ 1-0

[Event "10th EUR-ch (w)"]
[Site "Sankt Petersburg RUS"]
[Date "2009.03.08"]
[Round "1"]
[White "Khropova, Larisa"]
[Black "Kochetkova, Yulia"]
[Result "0-1"]
[WhiteElo "2060"]
[BlackElo "2315"]
[EventDate "2009.03.08"]
[PlyCount "68"]

1.d4 d5 2.Nf3 Nf6 3.c4 e6 4.Bg5 h6 5.Bxf6 Qxf6 6.e3 Nd7 7.Nc3 c6 8.Qc2 g6 
9.Bd3 Bg7 10.O-O O-O 11.e4 dxc4 12.e5 Qf4 13.Bxc4 Nxe5 14.Nxe5 Qxd4 15.
Nxg6 Re8 16.Bd3 fxg6 17.Bxg6 Rf8 18.Rad1 Qf6 19.Bh7+ Kh8 20.Rd3 Kxh7 21.
Rg3+ Kh8 22.Rd1 e5 23.Ne4 Bf5 24.Re1 Bxe4 25.Rxe4 Rad8 26.h3 Qd6 27.Kh2 
Qd2 28.Qb3 Qxf2 29.Rxg7 Kxg7 30.Qxb7+ Kh8 31.Qxc6 Qf6 32.Qc5 Rd4 33.Re1 
Rd2 34.Qc3 Rf2 0-1

[Event "10th EUR-ch (w)"]
[Site "Sankt Petersburg RUS"]
[Date "2009.03.08"]
[Round "1"]
[White "Paulet, Iozefina"]
[Black "Lomakina, Galia"]
[Result "1-0"]
[WhiteElo "2315"]
[BlackElo "2058"]
[EventDate "2009.03.08"]
[PlyCount "95"]

1.e4 d6 2.d4 Nf6 3.Nc3 g6 4.Bg5 Bg7 5.Qd2 c6 6.f4 h6 7.Bh4 O-O 8.Nf3 Na6 
9.O-O-O c5 10.Bxa6 cxd4 11.Nxd4 bxa6 12.Nc6 Qc7 13.Nd5 Nxd5 14.exd5 Re8 
15.Rhe1 Bg4 16.Rxe7 Qb6 17.c3 Bxd1 18.Kxd1 Qg1+ 19.Kc2 Qxh2 20.Qf2 Rxe7 
21.Nxe7+ Kh7 22.Bg3 Qh5 23.f5 Re8 24.Bxd6 gxf5 25.Kb3 Bf8 26.Qc5 Qg5 27.
Nc6 Bxd6 28.Qxd6 Re4 29.Qc7 Qh5 30.Nd4 f4 31.d6 Qd5+ 32.Ka3 Re5 33.Nb3 Re8
34.c4 Qe6 35.c5 Qf6 36.Qc6 Re2 37.Qd5 Qxb2+ 38.Kb4 a5+ 39.Kb5 Re6 40.Qd3+ 
Rg6 41.d7 Qa3 42.Qxg6+ Kxg6 43.d8=Q Qb4+ 44.Kc6 Qe4+ 45.Qd5 Qe8+ 46.Kb7 a4
47.Nd4 a5 48.Qc6+ 1-0

[Event "10th EUR-ch (w)"]
[Site "Sankt Petersburg RUS"]
[Date "2009.03.08"]
[Round "1"]
[White "Ikonomopoulou, Maria"]
[Black "Girya, Olga"]
[Result "0-1"]
[WhiteElo "2052"]
[BlackElo "2315"]
[EventDate "2009.03.08"]
[PlyCount "136"]

1.e4 c5 2.Nf3 e6 3.d4 cxd4 4.Nxd4 a6 5.Be2 Nf6 6.Nc3 Qc7 7.O-O Nc6 8.Kh1 
Nxd4 9.Qxd4 Bc5 10.Qd3 Be7 11.f4 d6 12.a4 b6 13.Qg3 O-O 14.Bd3 Bb7 15.Be3 
Rfd8 16.Bd4 Bc6 17.Rae1 Qb7 18.Qh3 Nd7 19.e5 Nf8 20.exd6 Rxd6 21.Be5 Rdd8 
22.f5 exf5 23.Bxf5 Bd6 24.Bxd6 Rxd6 25.Ne4 Rh6 26.Qg3 Re8 27.Qf4 Ne6 28.
Qg4 Nd4 29.Bxh7+ Kxh7 30.Ng5+ Kg8 31.Rxe8+ Bxe8 32.Qxd4 Qc7 33.h3 Rg6 34.
Qh4 Rh6 35.Qd4 Qc6 36.Qd8 Rd6 37.Qe7 Rd2 38.Nf3 Rxc2 39.Re1 Rc1 40.Rxc1 
Qxc1+ 41.Kh2 Qf4+ 42.Kg1 Qxa4 43.Ne5 a5 44.b3 Qb5 45.Nc4 Qd7 46.Qe5 Qd8 
47.Qe3 f6 48.Nxb6 Bf7 49.Qc5 Qd2 50.Qc8+ Kh7 51.Qf5+ Bg6 52.Qc5 Bf7 53.
Qf5+ Kh6 54.Qb5 Qb4 55.Qc6 Qxb3 56.Nd7 Qe3+ 57.Kh2 Be8 58.Qd5 Bxd7 59.Qxd7
Qf4+ 60.Kg1 a4 61.Qd5 Qe3+ 62.Kf1 a3 63.Qg8 Qc1+ 64.Kf2 Qc2+ 65.Kf3 a2 66.
Qh8+ Qh7 67.Qa8 Qf5+ 68.Kg3 Qe5+ 0-1

[Event "10th EUR-ch (w)"]
[Site "Sankt Petersburg RUS"]
[Date "2009.03.08"]
[Round "1"]
[White "Alexeeva, Alena"]
[Black "Berzina, Ilze"]
[Result "1/2-1/2"]
[WhiteElo "2039"]
[BlackElo "2308"]
[EventDate "2009.03.08"]
[PlyCount "160"]

1.e4 c6 2.d4 d5 3.e5 g6 4.f4 Bg7 5.Nf3 Nh6 6.Be3 Bg4 7.Nbd2 Qb6 8.Qc1 Nf5 
9.Bf2 c5 10.c3 cxd4 11.Nxd4 Nxd4 12.Bxd4 Qc7 13.h3 Be6 14.Nf3 Nc6 15.Qe3 
O-O 16.Bd3 Qd7 17.h4 h5 18.Ng5 Bf5 19.Bxf5 Qxf5 20.Nf3 Nxd4 21.Nxd4 Qg4 
22.g3 Rac8 23.Rf1 f6 24.e6 f5 25.Rd1 Rc4 26.b3 Bxd4 27.Rxd4 Rxd4 28.cxd4 
Rc8 29.Rf2 Rc6 30.Rh2 Kh7 31.Kd2 Kg8 32.Re2 Qh3 33.Qg1 Qg4 34.Qe3 Qh3 35.
Qg1 Qg4 36.Qe3 Kh7 37.Qf2 Qh3 38.Re1 Qg4 39.Qe3 Qh3 40.Qf2 Kg7 41.Qg1 Kf6 
42.Qe3 Qg2+ 43.Re2 Qe4 44.Qd3 Qxd3+ 45.Kxd3 Rxe6 46.Rc2 Rb6 47.Rc7 Ke6 48.
Rc8 Kd7 49.Rg8 Re6 50.a4 Kc7 51.b4 Rc6 52.Rg7 Kd7 53.Rg8 Ra6 54.a5 Rd6 55.
Ra8 a6 56.Rg8 Re6 57.Rf8 Kc6 58.Rb8 Kc7 59.Rg8 Rc6 60.Re8 Kd7 61.Rb8 Kc7 
62.Re8 Re6 63.Rg8 b6 64.Ra8 Kb7 65.Rd8 bxa5 66.bxa5 Kc6 67.Rc8+ Kd7 68.Rb8
Rc6 69.Rb7+ Ke6 70.Rb8 Kd7 71.Rb7+ Kd6 72.Rb8 Kc7 73.Re8 Re6 74.Rg8 Rd6 
75.Re8 Kc6 76.Rb8 Kd7 77.Rb7+ Ke6 78.Rb8 Rc6 79.Rb7 Kd6 80.Rb8 Kc7 1/2-1/2

[Event "10th EUR-ch (w)"]
[Site "Sankt Petersburg RUS"]
[Date "2009.03.08"]
[Round "1"]
[White "Kharashuta, Ekaterina"]
[Black "Balaian, Alina"]
[Result "1-0"]
[WhiteElo "2304"]
[BlackElo "2037"]
[EventDate "2009.03.08"]
[PlyCount "87"]

1.Nf3 e6 2.c4 Nf6 3.g3 d5 4.Bg2 c6 5.O-O Bd6 6.b3 e5 7.Bb2 Qe7 8.Qc2 O-O 
9.d3 a6 10.Nbd2 b5 11.a4 bxc4 12.bxc4 a5 13.Rac1 Na6 14.c5 Bc7 15.Nb3 Nb4 
16.Qd2 Rb8 17.Rb1 Nd7 18.d4 e4 19.Ne1 Ba6 20.Bc3 Bc4 21.Nc2 Nxc2 22.Qxc2 
Ra8 23.Rb2 f5 24.Qd2 Qd8 25.f3 f4 26.fxe4 fxg3 27.e5 gxh2+ 28.Kh1 Rxf1+ 
29.Bxf1 Qh4 30.Qe3 Rf8 31.Nd2 Ba6 32.Rb1 Bd8 33.Nf3 Qh5 34.Bg2 Be7 35.Bxa5
Ra8 36.Bc7 Qf5 37.Rf1 Qc2 38.Rf2 Qxa4 39.Bd6 Re8 40.Bh3 Nf8 41.Bxe7 Rxe7 
42.Ng5 h6 43.Qf3 Ng6 44.Be6+ 1-0

[Event "10th EUR-ch (w)"]
[Site "Sankt Petersburg RUS"]
[Date "2009.03.08"]
[Round "1"]
[White "Abuladze, Lana"]
[Black "Chasovnikova, Eugenia"]
[Result "0-1"]
[WhiteElo "2029"]
[BlackElo "2302"]
[EventDate "2009.03.08"]
[PlyCount "172"]

1.e4 c5 2.d3 Nc6 3.f4 g6 4.g3 Bg7 5.Bg2 d6 6.Nf3 Bg4 7.h3 Bxf3 8.Qxf3 e6 
9.O-O Nge7 10.c3 d5 11.Nd2 O-O 12.Qf2 Rc8 13.Nf3 c4 14.exd5 exd5 15.d4 Nf5
16.Ne5 Nce7 17.Re1 Nd6 18.Qe2 Re8 19.Be3 f6 20.Ng4 Ne4 21.Bf2 Nf5 22.Kh2 
h5 23.Ne3 Nexg3 24.Qf3 Nxe3 25.Qxg3 Nxg2 26.Qxg2 Qd6 27.Qxg6 Qxf4+ 28.Bg3 
Qd2+ 29.Kh1 Rxe1+ 30.Rxe1 Qd3 31.Re8+ Rxe8 32.Qxe8+ Bf8 33.Qe6+ Kg7 34.
Qd7+ Kh8 35.Kg2 Qc2+ 36.Kf3 Qxb2 37.Be1 Qb1 38.Qe6 Qd3+ 39.Kf2 Qc2+ 40.Kf3
Qd3+ 41.Kf2 Kg7 42.Qd7+ Kh6 43.Qxd5 Qxh3 44.Bd2+ Kg6 45.Qg8+ Bg7 46.d5 
Qh2+ 47.Ke1 Qe5+ 48.Kf2 h4 49.d6 Qxd6 50.Qe8+ Kf5 51.Qh5+ Ke6 52.Qg4+ f5 
53.Qxc4+ Qd5 54.Qe2+ Be5 55.Bf4 Qe4 56.Be3 f4 57.Qg4+ Kd6 58.Bxa7 Qc2+ 59.
Kg1 Qb1+ 60.Kg2 Qxa2+ 61.Bf2 Qd5+ 62.Kg1 f3 63.Qg6+ Kd7 64.Qg4+ Kc7 65.Bd4
Bxd4+ 66.cxd4 h3 67.Qf4+ Kb6 68.Kh2 Kb5 69.Kxh3 Kc4 70.Kg3 b5 71.Qc1+ Kxd4
72.Qd1+ Kc5 73.Qc1+ Kb6 74.Qe3+ Kc6 75.Qc3+ Kb7 76.Qg7+ Kb6 77.Qf6+ Ka5 
78.Qa1+ Kb4 79.Qb2+ Qb3 80.Qd4+ Qc4 81.Qb2+ Kc5 82.Kxf3 Qd3+ 83.Kg2 b4 84.
Qf2+ Kc4 85.Qf4+ Kc3 86.Qc7+ Kb2 0-1

[Event "10th EUR-ch (w)"]
[Site "Sankt Petersburg RUS"]
[Date "2009.03.08"]
[Round "1"]
[White "Zizlova, Sofia"]
[Black "Tomilova, Elena"]
[Result "1/2-1/2"]
[WhiteElo "2020"]
[BlackElo "2300"]
[EventDate "2009.03.08"]
[PlyCount "112"]

1.d4 Nf6 2.c4 e6 3.Nf3 b6 4.g3 Ba6 5.b3 b5 6.Bg2 bxc4 7.Ne5 c6 8.bxc4 Qb6 
9.c5 Qb4+ 10.Qd2 Nd5 11.Ba3 Qxd2+ 12.Nxd2 Be7 13.Rc1 O-O 14.Ndc4 f6 15.Nd3
Bxc4 16.Rxc4 Na6 17.O-O f5 18.Ne5 Rfd8 19.Rcc1 Nac7 20.Rfd1 a5 21.Nc4 Nb5 
22.Bb2 a4 23.a3 Ra7 24.f3 Bg5 25.f4 Bf6 26.e4 fxe4 27.Bxe4 Rb7 28.Rd3 Rdb8
29.Ba1 Nbc7 30.Nd2 Ne7 31.g4 h6 32.Rf3 Nb5 33.Rc4 Ra7 34.Bc2 Rba8 35.Ne4 
Nd5 36.Nxf6+ gxf6 37.Bb2 Kf7 38.Kf2 Ne7 39.Bd1 Nc7 40.Bc1 Ncd5 41.Rh3 Kg7 
42.f5 exf5 43.Bxh6+ Kf7 44.gxf5 Nxf5 45.Bc1 Ng7 46.Rf3 f5 47.Bc2 Ke6 48.
Bh6 Kf6 49.Bxg7+ Kxg7 50.Rxf5 Rh8 51.Rg5+ Kf6 52.Rf5+ Kg7 53.Rg5+ Kf6 54.
Rf5+ Kg7 55.Rg5+ Kf7 56.Rf5+ Kg7 1/2-1/2

[Event "10th EUR-ch (w)"]
[Site "Sankt Petersburg RUS"]
[Date "2009.03.08"]
[Round "1"]
[White "Manakova, Maria"]
[Black "Goriachkina, Alexandra"]
[Result "1-0"]
[WhiteElo "2299"]
[BlackElo "2020"]
[EventDate "2009.03.08"]
[PlyCount "83"]

1.d4 f5 2.Bg5 Nf6 3.Bxf6 exf6 4.e3 g6 5.h4 d5 6.h5 g5 7.h6 Be6 8.Be2 Qd7 
9.Bh5+ Bf7 10.Bxf7+ Qxf7 11.Qf3 Qd7 12.Ne2 Nc6 13.Ng3 Ne7 14.c4 O-O-O 15.
cxd5 Qxd5 16.Qxd5 Rxd5 17.Nc3 Rd7 18.O-O-O Rg8 19.e4 f4 20.Nf5 Nxf5 21.
exf5 Be7 22.Rhe1 Rgd8 23.Re6 b6 24.a3 Rf8 25.Rde1 Bd8 26.d5 a6 27.a4 Rd6 
28.Kc2 Kd7 29.Rd1 Be7 30.Ne4 Rxe6 31.dxe6+ Kc6 32.Rd7 Re8 33.f3 b5 34.
axb5+ axb5 35.Nc3 b4 36.Nd5 Bd8 37.Nxb4+ Kc5 38.Nd3+ Kc6 39.Rxh7 Be7 40.
Rf7 Kd6 41.Nf2 c6 42.h7 1-0

[Event "10th EUR-ch (w)"]
[Site "Sankt Petersburg RUS"]
[Date "2009.03.08"]
[Round "1"]
[White "Grigorieva, Olga"]
[Black "Savina, Anastasia"]
[Result "1/2-1/2"]
[WhiteElo "2016"]
[BlackElo "2297"]
[EventDate "2009.03.08"]
[PlyCount "111"]

1.d4 Nf6 2.c4 g6 3.f3 Bg7 4.e4 d6 5.Nc3 O-O 6.Bg5 c5 7.d5 h6 8.Be3 e6 9.
Qd2 exd5 10.cxd5 Re8 11.Nge2 Nbd7 12.Bxh6 Nxe4 13.Nxe4 Qh4+ 14.g3 Qxh6 15.
Qxh6 Bxh6 16.Nxd6 Rd8 17.Bh3 f5 18.f4 Nf6 19.Nxc8 Raxc8 20.O-O-O Rxd5 21.
Bg2 Rxd1+ 22.Rxd1 b6 23.Rd6 Kf7 24.Nc3 Bf8 25.Rc6 Rxc6 26.Bxc6 Ng4 27.h4 
Bg7 28.Nb5 a6 29.Nd6+ Ke7 30.Nc4 b5 31.Nd2 Bd4 32.Bb7 a5 33.Bf3 Nh2 34.Be2
Bf2 35.h5 gxh5 36.Bxh5 Bxg3 37.Nb3 Bxf4+ 38.Kc2 Kd6 39.Nxa5 Be5 40.Be2 c4 
41.b3 cxb3+ 42.Kxb3 Kc5 43.Nb7+ Kb6 44.Nd8 Bd6 45.Ne6 b4 46.Nd4 f4 47.Nc2 
Ka5 48.a3 bxa3 49.Nxa3 Bb8 50.Nc4+ Kb5 51.Nd2+ Kc5 52.Kc3 Kd5 53.Kd3 Ba7 
54.Nf1 Nxf1 55.Bxf1 f3 56.Bh3 1/2-1/2

[Event "10th EUR-ch (w)"]
[Site "Sankt Petersburg RUS"]
[Date "2009.03.08"]
[Round "1"]
[White "Ziaziulkina, Nastassia"]
[Black "Zakurdyaeva, Irina"]
[Result "0-1"]
[WhiteElo "1950"]
[BlackElo "2295"]
[EventDate "2009.03.08"]
[PlyCount "82"]

1.e4 c5 2.Nf3 e6 3.d4 cxd4 4.Nxd4 Nc6 5.Nb5 d6 6.c4 Nf6 7.N1c3 a6 8.Na3 
Be7 9.Be2 O-O 10.O-O b6 11.Be3 Bb7 12.f3 Ne5 13.Qb3 Ned7 14.Rfd1 Qc7 15.
Rac1 Rac8 16.Bf1 Qb8 17.Nab1 Bd8 18.Nd2 Bc7 19.h3 Bc6 20.Qa3 Bb7 21.Bf2 
Qa8 22.Nb3 g6 23.Nd4 Nh5 24.b3 Qb8 25.Qb2 Bd8 26.Qd2 Be7 27.Nde2 Rfe8 28.
Ng3 Ng7 29.Nge2 f5 30.Ng3 Qc7 31.Qd4 Red8 32.Kh1 Kf7 33.Qd2 Kg8 34.Qd4 Nc5
35.b4 Nd7 36.a3 Kf7 37.Kg1 Ba8 38.Kh1 Bg5 39.Rc2 Bf4 40.Kg1 d5 41.exd5 
Bxg3 0-1

[Event "10th EUR-ch (w)"]
[Site "Sankt Petersburg RUS"]
[Date "2009.03.08"]
[Round "1"]
[White "Dolzhikova, Kateryna"]
[Black "Azimova, Karina"]
[Result "1-0"]
[WhiteElo "2294"]
[BlackElo "1940"]
[EventDate "2009.03.08"]
[PlyCount "77"]

1.e4 Nf6 2.e5 Nd5 3.d4 d6 4.Nf3 Bg4 5.Be2 e6 6.c4 Nb6 7.exd6 cxd6 8.Nc3 
Be7 9.O-O O-O 10.b3 Nc6 11.d5 Bf6 12.dxc6 Bxc3 13.cxb7 Rb8 14.Bg5 f6 15.
Rc1 Bb4 16.Bd2 Bxd2 17.Qxd2 Rxb7 18.Nd4 Bxe2 19.Qxe2 Re8 20.Rfd1 Qe7 21.
Rc3 Nd7 22.Re3 Nc5 23.b4 Rxb4 24.Nc6 Qb7 25.Nxb4 Qxb4 26.Rxd6 e5 27.Qd2 
Qxd2 28.Rxd2 Rc8 29.f3 Ne6 30.Ra3 Rc7 31.Rd6 Nd4 32.Rda6 Rxc4 33.Rxa7 Rc1+
34.Kf2 Rc2+ 35.Kg3 Nf5+ 36.Kh3 h5 37.g4 hxg4+ 38.Kxg4 Ne3+ 39.Rxe3 1-0

[Event "10th EUR-ch (w)"]
[Site "Sankt Petersburg RUS"]
[Date "2009.03.08"]
[Round "1"]
[White "Komiagina, Maria"]
[Black "Stiazhkina, Anna"]
[Result "1-0"]
[WhiteElo "2283"]
[BlackElo "1926"]
[EventDate "2009.03.08"]
[PlyCount "57"]

1.e4 c5 2.Nf3 Nc6 3.d4 cxd4 4.Nxd4 g6 5.Nc3 Bg7 6.Be3 Nf6 7.Bc4 O-O 8.Bb3 
a5 9.O-O d6 10.Ndb5 Ng4 11.Bg5 h6 12.Bh4 g5 13.Bg3 Kh8 14.h3 Nf6 15.Qe2 
Bd7 16.Rad1 Qb6 17.Na4 Qd8 18.f4 g4 19.e5 Nh5 20.Bh4 dxe5 21.fxe5 Nxe5 22.
Nd6 f6 23.Nf5 Qe8 24.hxg4 Bxa4 25.gxh5 Bxb3 26.axb3 e6 27.Nxg7 Kxg7 28.
Bxf6+ Rxf6 29.Qxe5 1-0

[Event "10th EUR-ch (w)"]
[Site "Sankt Petersburg RUS"]
[Date "2009.03.08"]
[Round "1"]
[White "Lezhepekova, Veronika"]
[Black "Guramishvili, Sopiko"]
[Result "0-1"]
[WhiteElo "1917"]
[BlackElo "2281"]
[EventDate "2009.03.08"]
[PlyCount "70"]

1.e4 c5 2.Nf3 d6 3.d4 cxd4 4.Nxd4 Nf6 5.Nc3 a6 6.Be2 e5 7.Nb3 Be7 8.a4 Be6
9.Bg5 Nbd7 10.O-O O-O 11.Nd2 Rc8 12.Re1 Qb6 13.Rb1 Rfd8 14.Nf1 d5 15.exd5 
Bxd5 16.Nxd5 Nxd5 17.Bxe7 Nxe7 18.Bd3 Ng6 19.Bxg6 Qxg6 20.c3 Nc5 21.Qe2 
Re8 22.Ra1 e4 23.a5 Nd3 24.Nd2 Nxe1 25.Rxe1 f5 26.Kh1 Qf7 27.Ra1 Rcd8 28.
Ra4 Rd3 29.Nf1 Qd7 30.Rb4 Rd1 31.Qc4+ Kh8 32.g3 Qd3 33.Qxd3 exd3 34.Kg2 
Rxf1 35.Kxf1 d2 0-1

[Event "10th EUR-ch (w)"]
[Site "Sankt Petersburg RUS"]
[Date "2009.03.08"]
[Round "1"]
[White "Stiazhkina, Olga"]
[Black "Efremova, Daria"]
[Result "1-0"]
[WhiteElo "2280"]
[BlackElo "1910"]
[EventDate "2009.03.08"]
[PlyCount "59"]

1.Nf3 Nf6 2.b3 g6 3.Bb2 Bg7 4.g3 b6 5.Bg2 Bb7 6.O-O c5 7.c4 d6 8.e3 O-O 9.
d4 Nbd7 10.Nc3 cxd4 11.exd4 Ne4 12.Nxe4 Bxe4 13.Qe2 d5 14.Rfd1 Rc8 15.Bf1 
Nf6 16.Ne5 Bf5 17.Bg2 Qd6 18.a4 Qe6 19.Re1 Bh3 20.Bh1 h5 21.Qd2 Qf5 22.
Rac1 Ne4 23.Qe3 Bh6 24.f4 f6 25.Nd3 e6 26.Bxe4 Qxe4 27.Qxe4 dxe4 28.Nf2 
Bf5 29.Nxe4 Kf7 30.Nd6+ 1-0

[Event "10th EUR-ch (w)"]
[Site "Sankt Petersburg RUS"]
[Date "2009.03.08"]
[Round "1"]
[White "Petrukhina, Irina"]
[Black "Paikidze, Nazi"]
[Result "1/2-1/2"]
[WhiteElo "1905"]
[BlackElo "2280"]
[EventDate "2009.03.08"]
[PlyCount "87"]

1.d4 Nf6 2.c4 e6 3.Nc3 Bb4 4.Qc2 O-O 5.e4 d5 6.e5 Ne4 7.Bd3 c5 8.Ne2 Nc6 
9.O-O Bxc3 10.bxc3 f5 11.f3 Ng5 12.Ba3 b6 13.h4 Nf7 14.cxd5 exd5 15.Nf4 
Qxh4 16.Nxd5 Nxd4 17.Qf2 Qxf2+ 18.Rxf2 Nxe5 19.cxd4 Nxd3 20.Rd2 Nb4 21.
dxc5 bxc5 22.Nxb4 cxb4 23.Bxb4 Re8 24.Rc1 a5 25.Bd6 Be6 26.Rc7 Rac8 27.a3 
Rxc7 28.Bxc7 Ra8 29.Rd8+ Rxd8 30.Bxd8 a4 31.Kf2 h6 32.f4 Kf7 33.g3 Kg6 34.
Be7 Kf7 35.Bd8 Bd5 36.Ke3 Kg6 37.Kd4 Be4 38.Ke3 Kh5 39.Kf2 Kg4 40.Be7 g5 
41.fxg5 hxg5 42.Bd6 f4 43.gxf4 gxf4 44.Bc5 1/2-1/2

[Event "10th EUR-ch (w)"]
[Site "Sankt Petersburg RUS"]
[Date "2009.03.08"]
[Round "1"]
[White "Khokhlova, Ekaterina"]
[Black "Daulyte, Deimante"]
[Result "0-1"]
[WhiteElo "1822"]
[BlackElo "2279"]
[EventDate "2009.03.08"]
[PlyCount "66"]

1.e4 e5 2.Nf3 Nc6 3.Bc4 Nf6 4.d3 h6 5.O-O d6 6.Re1 g6 7.d4 Bg4 8.Bb5 Nd7 
9.Bxc6 bxc6 10.Nbd2 Bg7 11.h3 Be6 12.dxe5 Nxe5 13.Nd4 Qf6 14.N2f3 Nxf3+ 
15.Nxf3 O-O 16.c3 Rab8 17.Qa4 Bxh3 18.e5 dxe5 19.Nxe5 Rbe8 20.gxh3 Rxe5 
21.Rxe5 Qxe5 22.Be3 Qe6 23.Qxa7 Re8 24.Re1 Qxh3 25.Bd2 Be5 26.f4 Rd8 27.
Qf2 Bf6 28.Re3 Qg4+ 29.Kf1 Bh4 30.Qh2 Rd5 31.Re8+ Kh7 32.Qe2 Qh3+ 33.Kg1 
Qd7 0-1

[Event "10th EUR-ch (w)"]
[Site "Sankt Petersburg RUS"]
[Date "2009.03.08"]
[Round "1"]
[White "Ovod, Irina"]
[Black "Cherenkova, Kristina"]
[Result "0-1"]
[WhiteElo "1777"]
[BlackElo "2270"]
[EventDate "2009.03.08"]
[PlyCount "82"]

1.Nf3 Nf6 2.g3 g6 3.Bg2 Bg7 4.O-O O-O 5.d4 d6 6.Re1 c5 7.d5 b5 8.a3 Nbd7 
9.e4 Rb8 10.c3 Qc7 11.Nbd2 c4 12.Nd4 Nc5 13.Qe2 Nd3 14.Rf1 Bd7 15.h3 e6 
16.dxe6 fxe6 17.Nc2 a5 18.Ne1 Nc5 19.Kh2 Bc6 20.f3 Rbe8 21.Rg1 Nh5 22.Bh1 
d5 23.Rb1 Be5 24.Nf1 dxe4 25.f4 Bd6 26.Be3 Nd3 27.Nc2 e5 28.f5 Rxf5 29.g4 
Nhf4 30.Qd2 Rf7 31.Ng3 Qb7 32.Bg2 Ref8 33.Bh1 Bc5 34.Ne1 Bxe3 35.Qxe3 Nd5 
36.Qg5 Rf2+ 37.Ng2 e3 38.Ne4 N5f4 39.Nf6+ Kh8 40.h4 Bxg2 41.h5 Bxh1+ 0-1

[Event "10th EUR-ch (w)"]
[Site "Sankt Petersburg RUS"]
[Date "2009.03.08"]
[Round "1"]
[White "Kiseleva, Arina"]
[Black "Borisova, Elizaveta"]
[Result "1/2-1/2"]
[WhiteElo "1830"]
[BlackElo "2270"]
[EventDate "2009.03.08"]
[PlyCount "91"]

1.d4 Nf6 2.c4 e6 3.Nc3 c5 4.e3 b6 5.Nf3 Be7 6.Be2 O-O 7.O-O d6 8.b3 Nbd7 
9.Bb2 a6 10.Rc1 Bb7 11.Nd2 cxd4 12.exd4 Rc8 13.Bf3 Bxf3 14.Nxf3 d5 15.cxd5
Nxd5 16.Nxd5 exd5 17.Qe2 Rxc1 18.Rxc1 b5 19.Qc2 Re8 20.Qc7 Qxc7 21.Rxc7 
Nb8 22.Kf1 Bd6 23.Rc2 f6 24.Bc1 Kf7 25.g3 g5 26.h3 Ke7 27.Re2+ Kd7 28.Rxe8
Kxe8 29.Ke2 Nc6 30.a3 Na5 31.Nd2 Kd7 32.Kd3 Ke6 33.Bb2 h5 34.Bc3 Nc6 35.b4
Ne7 36.Nb3 Kf5 37.Nc5 Bxc5 38.dxc5 Nc6 39.Ke3 Ke6 40.Kd3 f5 41.f3 Ne7 42.
g4 hxg4 43.hxg4 f4 44.Kd4 Nc6+ 45.Kd3 Kf7 46.Bd4 1/2-1/2